• 首页
  • 本馆介绍
  • 公告通知
  • 最新文献
  • 馆藏检索
  • 电子资源
  • 读者导购
  • 参考咨询
  • 我的图书馆
  • 登录
  • 详细信息显示
  • 放入我的书架
  • 预约/预借图书
  • 作者相关作品
  • 分类相关作品
  • 丛书相关作品
  • 出版社相关作品

书目信息

  • 表格格式
  • 工作单格式
  • 卡片格式
题名:
王小波全集
    
 
作者: 王小波 著
分册: 第一卷   杂文
出版信息: 昆明   云南人民出版社  2006
页数: 219页
开本: 23cm
丛书名:
单 册:
中图分类: I267.1 , I217.52
科图分类:
主题词: 文学--作品--中国--现代--选集 , 文学 , 杂文 , 杂文--中国--现代--选集
电子资源:
ISBN: 7-222-04766-2
000 00923nam0 2200265 450
001 003349135
005 20070805164808.76
010    @a7-222-04766-2@b精装@dCNY288.00(全10册)
100    @a20070112d2006 em y0chiy0110 ea
101 0  @achi
102    @aCN@b530000
105    @ay z 000cy
200 1  @a王小波全集@9wang xiao bo quan ji@h第一卷@i杂文@i思维的乐趣@f王小波著
210    @a昆明@c云南人民出版社@d2006
215    @a219页@d23cm
330    @a《王小波全集》收录了王小波生前的重要著述,内容杂文、长篇小说、中篇小说、短篇小说、书信集及未竟稿。本卷收入《沉默的大多数》、《知识分子的不幸》、《跳出手掌心》、《文化之争》等杂文。
606 0  @a文学@x作品@y中国@z现代@j选集
606 0  @a文学
606 0  @a杂文
606 0  @a杂文@y中国@z现代@j选集
690    @aI267.1@v4
690    @aI217.52@v4
701  0 @a王小波@9wang xiao bo@f(1952~1997.4)@4著
801  0 @aCN@bNLC@c20070805
905    @a10447@dI217.52@e614:1
    
    王小波全集.第一卷.杂文.思维的乐趣/王小波著.-昆明:云南人民出版社,2006
    219页;23cm
    
    
    ISBN 7-222-04766-2(精装):CNY288.00(全10册)
    《王小波全集》收录了王小波生前的重要著述,内容杂文、长篇小说、中篇小说、短篇小说、书信集及未竟稿。本卷收入《沉默的大多数》、《知识分子的不幸》、《跳出手掌心》、《文化之争》等杂文。
●
相关链接 在E读中查询图书 在五车中查询图书 在当当中查询图书 在豆瓣中查询图书


正题名:王小波全集     索取号:I217.52/614:1         预约/预借

序号 登录号 条形码 馆藏地/架位号 状态 备注
1 0808479   208084794   第一样本阅览室/ [索取号:I217.52/614:1] 在馆    
2 0808480   208084801   第二借阅区/ [索取号:I217.52/614:1] 在馆    
3 0808481   208084810   第二借阅区/ [索取号:I217.52/614:1] 在馆    
4 0808482   208084829   第二借阅区/ [索取号:I217.52/614:1] 在馆    
5 0808483   208084838   第二借阅区/ [索取号:I217.52/614:1] 在馆    
6 0808484   208084847   第二借阅区/ [索取号:I217.52/614:1] 在馆    
7 0808485   208084856   第二借阅区/ [索取号:I217.52/614:1] 在馆    
8 0808487   208084874   第二借阅区/ [索取号:I217.52/614:1] 在馆    
9 0808488   208084883   第二借阅区/ [索取号:I217.52/614:1] 在馆    
唐山师范学院图书馆 欢迎您!
大连网信软件有限公司© 版权所有